Up From The Bottom - Linkin Park (All Lyrics) - Statistics

General Stats
  • This quiz has been taken 63 times
  • The average score is 247 of 292
Answer Stats
Answer % Correct
bottom
100%
from
100%
go
100%
I
100%
no
100%
the
100%
to
100%
up
100%
Up
100%
a
97%
it
97%
me
97%
You
97%
you
97%
you, (you, you, you, you)
97%
down
94%
down, (down, down, down, down)
94%
here
94%
in
94%
is
94%
nowhere
94%
there's
94%
but
91%
keep
91%
out
91%
out,
91%
barely
88%
breath
88%
escaping,
88%
feels
88%
Feels
88%
like
88%
running
88%
So
88%
waiting
88%
air
85%
breathing
85%
far
85%
Inside,
85%
inside
85%
on
85%
Starin
85%
staring
85%
Staring
85%
try
85%
below
82%
ceiling
82%
I'm
82%
my
82%
name
82%
of
82%
put
82%
stuck
82%
that
82%
at
79%
coming
79%
devil
79%
get
79%
nothing
79%
one
79%
same (same)
79%
blame
76%
else
76%
blue
74%
deep
74%
Everybody
74%
Gotta
74%
hold
74%
Hold
74%
knife
74%
listening
74%
without
74%
already
71%
and
71%
As
71%
eyes
71%
it's
71%
know
71%
pushed
71%
socket (socket)
71%
until
71%
Waking
71%
around
68%
fist
68%
he's
68%
He's
68%
pocket (pocket)
68%
time
68%
been
65%
Circling
65%
circling
65%
drain
65%
his
65%
lips
65%
Opening
65%
realize
65%
bluffing
62%
change (change)
62%
ghost,
62%
knowing
62%
mean
62%
Poison
62%
Promise
62%
world,
62%
you're
62%
always
59%
father
59%
gonna
59%
him
59%
loved
59%
never
59%
said
59%
trap
59%
words
59%
Before
56%
Each
56%
Mama
56%
nothing's
56%
off
56%
bad
53%
even
53%
gone
53%
Bristling
50%
enough
50%
Cold
47%
(Oh)
44%
mountaintop,
41%
sunk
41%
times
41%
No matching quizzes found
Score Distribution
Percent of People with Each Score
Percentile by Number Answered
Your Score History
You have not taken this quiz